[Event "Banff op"]
[Site "Banff"]
[Date "2024.11.11"]
[Round "5"]
[White "Hebert, Jean"]
[Black "Chiku Ratte, Olivier Kenta"]
[Result "1/2-1/2"]
[WhiteElo "2329"]
[BlackElo "2331"]
[PlyCount "65"]
[EventDate "2024.11.09"]
[EventType "swiss"]
[EventRounds "6"]
[EventCountry "CAN"]
[SourceTitle "CB47_2024"]
[SourceDate "2024.11.20"]
[SourceVersion "1"]
[SourceVersionDate "2024.11.20"]
[SourceQuality "1"]

1. Nf3 Nf6 2. c4 b6 3. d4 Bb7 4. Nc3 e6 5. a3 Bxf3 6. gxf3 g6 7. e4 Bg7 8. Bg5 h6 9. Be3 Nh5 10. h4 e5 11. dxe5 Bxe5 12. Qd2 Qf6 13. 0-0-0 Bxc3 14. Qxc3 Qxc3+ 15. bxc3 Nc6 16. c5 Ng7 17. f4 Ne6 18. Bb5 0-0-0 19. cxb6 axb6 20. Ba6+ Kb8 21. Bc4 f6 22. Rhg1 g5 23. fxg5 hxg5 24. Bxe6 dxe6 25. hxg5 fxg5 26. Rxd8+ Rxd8 27. Rxg5 e5 28. Kc2 Kb7 29. f4 exf4 30. Bxf4 Rd7 31. Rf5 Na5 32. e5 Kc6 33. e6 1/2-1/2

[Event "Banff op"]
[Site "Banff"]
[Date "2024.11.09"]
[Round "2"]
[White "Chiku Ratte, Olivier Kenta"]
[Black "Chandra, Anand Rishi"]
[Result "1-0"]
[WhiteElo "2331"]
[BlackElo "2073"]
[PlyCount "100"]
[EventDate "2024.11.09"]
[EventType "swiss"]
[EventRounds "6"]
[EventCountry "CAN"]
[SourceTitle "CB47_2024"]
[SourceDate "2024.11.20"]
[SourceVersion "1"]
[SourceVersionDate "2024.11.20"]
[SourceQuality "1"]

1. d4 d5 2. Nf3 Nf6 3. c3 e6 4. Bf4 Bd6 5. e3 c5 6. Qa4+ Bd7 7. Qb3 Bxf4 8. exf4 b6 9. Nbd2 0-0 10. Ne5 c4 11. Qd1 Ne8 12. g3 f6 13. Nxd7 Qxd7 14. Bh3 Nd6 15. 0-0 Nc6 16. Re1 Rfe8 17. Qc2 b5 18. Re2 Re7 19. Rae1 Rae8 20. Nf1 b4 21. Ne3 f5 22. Nf1 Ne4 23. Bg2 Nd6 24. Nd2 a5 25. Re3 Nd8 26. Qd1 Kf8 27. Qh5 Kg8 28. Qe2 Kf8 29. h3 N8f7 30. Kh2 g6 31. a3 bxa3 32. bxa3 a4 33. Qd1 Qc6 34. Qc2 g5 35. fxg5 Nxg5 36. Nf3 Nxf3+ 37. Bxf3 Ne4 38. Rb1 e5 39. dxe5 Rxe5 40. Bg2 Kg7 41. Rb4 Qh6 42. Rb7+ Kg8 43. Qxa4 f4 44. Rf3 fxg3+ 45. fxg3 Ng5 46. Rf2 Qe6 47. Qa7 Re2 48. Rxe2 Qxe2 49. Rg7+ Kh8 50. Rxg5 Qh5 1-0

[Event "Montreal op"]
[Site "Montreal"]
[Date "2024.09.14"]
[Round "3"]
[White "Pare, Marc"]
[Black "Chiku Ratte, Olivier Kenta"]
[Result "0-1"]
[WhiteElo "1892"]
[BlackElo "2333"]
[PlyCount "64"]
[EventDate "2024.09.13"]
[EventType "swiss"]
[EventRounds "5"]
[EventCountry "CAN"]
[SourceTitle "EXT 2025"]
[Source "ChessBase"]
[SourceDate "2024.10.14"]
[SourceVersion "1"]
[SourceVersionDate "2024.10.14"]
[SourceQuality "1"]

1. e4 c5 2. c3 d5 3. exd5 Nf6 4. d4 cxd4 5. cxd4 Nxd5 6. Nc3 Nc6 7. Nf3 a6 8. Be2 e6 9. 0-0 Be7 10. a3 0-0 11. Ne4 b6 12. Qc2 Bb7 13. Neg5 Nf6 14. Be3 Rc8 15. Qb1 h6 16. Ne4 Na5 17. Nxf6+ Bxf6 18. Qd3 Qd5 19. Ne1 Qb3 20. Rd1 Rfd8 21. Bf3 Qxd3 22. Rxd3 Bxf3 23. Nxf3 Nc4 24. Rb3 b5 25. g3 Nb6 26. Ne5 Rc2 27. Ng4 Be7 28. Rd1 Nc4 29. Bc1 Na5 30. Rbd3 Rdc8 31. Bd2 Nc4 32. b4 Nb2 0-1

[Event "Montreal op"]
[Site "Montreal"]
[Date "2024.09.13"]
[Round "1"]
[White "Singher, Jean Pierre"]
[Black "Chiku Ratte, Olivier Kenta"]
[Result "0-1"]
[WhiteElo "1905"]
[BlackElo "2333"]
[PlyCount "58"]
[EventDate "2024.09.13"]
[EventType "swiss"]
[EventRounds "5"]
[EventCountry "CAN"]
[SourceTitle "EXT 2025"]
[Source "ChessBase"]
[SourceDate "2024.10.14"]
[SourceVersion "1"]
[SourceVersionDate "2024.10.14"]
[SourceQuality "1"]

1. d4 Nf6 2. Nf3 c5 3. e3 g6 4. c3 b6 5. Nbd2 Bg7 6. a4 Nc6 7. Be2 0-0 8. Nc4 d5 9. Nce5 Nxe5 10. Nxe5 Qc7 11. 0-0 Ne4 12. f3 Nd6 13. a5 c4 14. e4 f6 15. axb6 Qxb6 16. Ng4 Bxg4 17. fxg4 Nxe4 18. Bf3 f5 19. gxf5 gxf5 20. Kh1 Kh8 21. Qe2 a5 22. Bf4 a4 23. g4 a3 24. Bxe4 fxe4 25. Ra2 Qb3 26. Rxa3 Rxa3 27. bxa3 Qxc3 28. Be5 Rxf1+ 29. Qxf1 Qf3+ 0-1

[Event "New Westminster BC Day"]
[Site "New Westminster"]
[Date "2024.08.05"]
[Round "9"]
[White "Chiku Ratte, Olivier Kenta"]
[Black "Yang, Jingyun"]
[Result "1-0"]
[WhiteElo "2324"]
[BlackElo "2179"]
[PlyCount "143"]
[EventDate "2024.08.01"]
[EventType "swiss"]
[EventRounds "9"]
[EventCountry "CAN"]
[SourceTitle "CBM 221 Extra"]
[Source "ChessBase"]
[SourceDate "2024.09.30"]
[SourceVersion "1"]
[SourceVersionDate "2024.09.30"]
[SourceQuality "1"]

1. c4 e5 2. Nc3 Nc6 3. g3 g6 4. Bg2 Bg7 5. d3 d6 6. Rb1 f5 7. Nf3 Nf6 8. 0-0 0-0 9. Bg5 h6 10. Bxf6 Bxf6 11. Nd2 Bg7 12. e3 f4 13. Nd5 Bf5 14. Be4 Bh3 15. Re1 fxg3 16. hxg3 Bf5 17. Kg2 Rb8 18. Bxf5 gxf5 19. Qh5 Ne7 20. e4 Nxd5 21. cxd5 f4 22. Qg4 Rf6 23. Nf3 Qc8 24. Qxc8+ Rxc8 25. Nh4 fxg3 26. fxg3 c6 27. Nf5 Bf8 28. Rbc1 Rb8 29. Ne3 h5 30. Rc2 Bh6 31. Nf5 cxd5 32. Ne7+ Kh7 33. Nxd5 Rf7 34. Rf1 Rbf8 35. Rxf7+ Rxf7 36. b4 a6 37. a4 Bg5 38. Rc8 h4 39. gxh4 Bxh4 40. Kh3 Be1 41. Kg4 a5 42. bxa5 Bxa5 43. Ra8 Bc7 44. Nxc7 Rxc7 45. Rd8 Rc6 46. Kf5 Ra6 47. a5 Rxa5 48. Rd7+ Kg8 49. Rxd6 Rb5 50. Kf6 b6 51. Rd8+ Kh7 52. Rd5 Rb1 53. Rd7+ Kg8 54. Kxe5 b5 55. Rb7 b4 56. d4 Kf8 57. d5 b3 58. Ke6 b2 59. Rb8+ Kg7 60. e5 Kg6 61. d6 Kg5 62. d7 Kf4 63. Rb4+ Ke3 64. Ke7 Kd2 65. d8Q+ Kc3 66. Qd4+ Kc2 67. Rc4+ Kb3 68. Qc3+ Ka2 69. Rb4 Ka1 70. Rb8 Rh1 71. Qa3+ Kb1 72. Qxb2# 1-0

[Event "New Westminster BC Day"]
[Site "New Westminster"]
[Date "2024.08.03"]
[Round "5"]
[White "Chiku Ratte, Olivier Kenta"]
[Black "Rodrigue Lemieux, Shawn"]
[Result "0-1"]
[WhiteElo "2324"]
[BlackElo "2506"]
[PlyCount "68"]
[EventDate "2024.08.01"]
[EventType "swiss"]
[EventRounds "9"]
[EventCountry "CAN"]
[SourceTitle "CBM 221 Extra"]
[Source "ChessBase"]
[SourceDate "2024.09.30"]
[SourceVersion "1"]
[SourceVersionDate "2024.09.30"]
[SourceQuality "1"]

1. d4 Nf6 2. c4 e6 3. g3 d5 4. Bg2 dxc4 5. Qa4+ c6 6. Qxc4 b5 7. Qc2 Bb7 8. a4 Qb6 9. a5 Qa6 10. e4 Nbd7 11. Nf3 c5 12. d5 exd5 13. exd5 Nxd5 14. 0-0 Be7 15. Re1 0-0 16. Nc3 Rfe8 17. Bg5 Bf8 18. Qf5 Nxc3 19. bxc3 Nf6 20. Bxf6 Qxf6 21. Qxf6 gxf6 22. c4 b4 23. Nd2 Bxg2 24. Kxg2 Re6 25. Nb3 Rae8 26. Rxe6 Rxe6 27. Kf3 f5 28. a6 Kg7 29. Ra5 Kf6 30. Nxc5 Bxc5 31. Rxc5 Rb6 32. Ke2 b3 33. Rb5 Rxb5 34. cxb5 b2 0-1

[Event "Canadian op"]
[Site "Laval"]
[Date "2024.07.16"]
[Round "5"]
[White "Chiku Ratte, Olivier Kenta"]
[Black "Kalinin, Dmitry2"]
[Result "1-0"]
[WhiteElo "2314"]
[BlackElo "2118"]
[PlyCount "100"]
[EventDate "2024.07.13"]
[EventType "swiss"]
[EventRounds "9"]
[EventCountry "CAN"]
[SourceTitle "CBM 221 Extra"]
[Source "ChessBase"]
[SourceDate "2024.09.30"]
[SourceVersion "1"]
[SourceVersionDate "2024.09.30"]
[SourceQuality "1"]

1. d4 d5 2. Nf3 Nf6 3. c3 Bf5 4. Qb3 Qc8 5. c4 e6 6. cxd5 exd5 7. Nc3 c6 8. Bf4 Nh5 9. Bxb8 Rxb8 10. e4 Qe6 11. Ne5 Bg6 12. Nxc6 Bxe4 13. Nxe4 Qxe4+ 14. Kd1 Bd6 15. Nxb8 0-0 16. Qe3 Qxe3 17. fxe3 Rxb8 18. Be2 Nf6 19. Bf3 g5 20. g4 Kg7 21. Kd2 Rd8 22. h3 Ng8 23. Rhf1 Ne7 24. Be2 f5 25. gxf5 Kf6 26. Kd3 Re8 27. Bh5 Rd8 28. Rae1 Bg3 29. e4 dxe4+ 30. Rxe4 Nxf5 31. Bg4 Bf4 32. Rfxf4 gxf4 33. Rxf4 Rd5 34. Rxf5+ Rxf5 35. Bxf5 Kxf5 36. Ke3 h6 37. Kf3 a6 38. b3 a5 39. a4 h5 40. Ke3 Ke6 41. Ke4 Kd6 42. h4 Ke6 43. d5+ Kd6 44. Kd4 Kd7 45. Kc5 Kc7 46. Kb5 Kd6 47. Kxa5 Kc5 48. b4+ Kxd5 49. Kb6 Kc4 50. b5 Kd5 1-0

[Event "Laval op"]
[Site "Laval"]
[Date "2024.06.23"]
[Round "5"]
[White "Tanaka, Taira Tyler"]
[Black "Chiku Ratte, Olivier Kenta"]
[Result "1/2-1/2"]
[WhiteElo "2377"]
[BlackElo "2427"]
[PlyCount "39"]
[EventDate "2024.06.21"]
[EventType "swiss"]
[EventRounds "5"]
[EventCountry "CAN"]
[SourceTitle "CBM 221 Extra"]
[Source "ChessBase"]
[SourceDate "2024.09.30"]
[SourceVersion "1"]
[SourceVersionDate "2024.09.30"]
[SourceQuality "1"]

1. e4 e5 2. Nf3 Nc6 3. Bc4 Nf6 4. Ng5 d5 5. exd5 Na5 6. Bb5+ c6 7. dxc6 bxc6 8. Bd3 Nd5 9. Nf3 Bd6 10. 0-0 Nf4 11. Nc3 Nxd3 12. cxd3 0-0 13. b3 Ba6 14. Re1 Re8 15. d4 exd4 16. Rxe8+ Qxe8 17. Nxd4 Bxh2+ 18. Kxh2 Qe5+ 19. Kg1 Qxd4 20. Ba3 1/2-1/2

[Event "Laval op"]
[Site "Laval"]
[Date "2024.06.22"]
[Round "3"]
[White "Saha, Ananda"]
[Black "Chiku Ratte, Olivier Kenta"]
[Result "0-1"]
[WhiteElo "2263"]
[BlackElo "2427"]
[PlyCount "82"]
[EventDate "2024.06.21"]
[EventType "swiss"]
[EventRounds "5"]
[EventCountry "CAN"]
[SourceTitle "CBM 221 Extra"]
[Source "ChessBase"]
[SourceDate "2024.09.30"]
[SourceVersion "1"]
[SourceVersionDate "2024.09.30"]
[SourceQuality "1"]

1. e4 c5 2. Nf3 g6 3. c3 Bg7 4. d4 cxd4 5. cxd4 d5 6. e5 Nc6 7. h3 Nh6 8. Nc3 0-0 9. Be2 f6 10. 0-0 fxe5 11. dxe5 e6 12. Bg5 Qb6 13. Be3 Qa5 14. Bd2 Qc7 15. Nb5 Qb8 16. Rc1 Nf7 17. Be3 a6 18. Nd6 Nfxe5 19. Nxc8 Qxc8 20. Nd4 Qd7 21. Nb3 Qf7 22. Bc5 Rfd8 23. Bb6 Rdc8 24. Re1 Nd7 25. Bg4 Nce5 26. Rxc8+ Rxc8 27. Bd4 Nxg4 28. Qxg4 Rc4 29. Qd1 e5 30. Be3 e4 31. Nd4 Ne5 32. b3 Rc8 33. Re2 Nd3 34. Rc2 Qd7 35. h4 h5 36. a4 Bf6 37. g3 Kh7 38. Kg2 Bxd4 39. Rxc8 Bxe3 40. Rf8 Bc5 41. Rb8 Nxf2 0-1

[Event "Laval op"]
[Site "Laval"]
[Date "2024.06.21"]
[Round "1"]
[White "Mok, Yuen Tak"]
[Black "Chiku Ratte, Olivier Kenta"]
[Result "0-1"]
[WhiteElo "2049"]
[BlackElo "2427"]
[PlyCount "122"]
[EventDate "2024.06.21"]
[EventType "swiss"]
[EventRounds "5"]
[EventCountry "CAN"]
[SourceTitle "CBM 221 Extra"]
[Source "ChessBase"]
[SourceDate "2024.09.30"]
[SourceVersion "1"]
[SourceVersionDate "2024.09.30"]
[SourceQuality "1"]

1. e4 e5 2. Nf3 Nc6 3. Bb5 g6 4. c3 Bg7 5. d4 exd4 6. cxd4 a6 7. Ba4 b5 8. Bb3 Nge7 9. d5 Na5 10. Bd2 c5 11. Bc3 0-0 12. Bxg7 Kxg7 13. h4 h6 14. Nbd2 Nxb3 15. Qxb3 d6 16. Qc3+ f6 17. 0-0-0 a5 18. Kb1 a4 19. Nf1 a3 20. Ne3 axb2 21. g4 Qa5 22. Qxb2 Qa3 23. Rd2 Qa4 24. Qc2 Bd7 25. Rg1 Qb4+ 26. Ka1 Ra4 27. Re1 Ra3 28. Rd3 Qa4 29. Rxa3 Qxa3 30. Nd2 g5 31. h5 Ra8 32. Rb1 Qa4 33. Rb2 Qxc2 34. Rxc2 Nc8 35. Ndf1 Ra4 36. Ng3 Ne7 37. Kb2 Rd4 38. f3 Kf7 39. Ne2 Rb4+ 40. Kc1 Ra4 41. Kb2 Ke8 42. Rc3 b4 43. Rc2 Ra3 44. Nc4 Ra6 45. Ng3 Bb5 46. Nxd6+ Rxd6 47. Rxc5 Bd3 48. Kb3 Rb6 49. Ra5 Kd7 50. Ra4 Bb1 51. Kb2 Bd3 52. Kb3 Kd6 53. Rxb4 Bc2+ 54. Kc3 Rxb4 55. Kxb4 Bd1 56. Kb5 Bxf3 57. a4 Bxg4 58. Kb6 f5 59. a5 f4 60. Nf5+ Nxf5 61. a6 Ne7 0-1

[Event "Montreal Maplewood Cup"]
[Site "Montreal"]
[Date "2024.06.01"]
[Round "2"]
[White "Lalonde, Olivier"]
[Black "Chiku Ratte, Olivier Kenta"]
[Result "0-1"]
[WhiteElo "1930"]
[BlackElo "2307"]
[PlyCount "82"]
[EventDate "2024.05.31"]
[EventType "swiss"]
[EventRounds "6"]
[EventCountry "CAN"]
[SourceTitle "CBM 220 Extra"]
[Source "ChessBase"]
[SourceDate "2024.07.31"]
[SourceVersion "1"]
[SourceVersionDate "2024.07.31"]
[SourceQuality "1"]

1. e4 c5 2. Ne2 g6 3. g3 d5 4. Bg2 dxe4 5. Nbc3 Nf6 6. Nxe4 Nxe4 7. Bxe4 Bg7 8. d3 Nd7 9. 0-0 0-0 10. Bg2 Ne5 11. h3 Bd7 12. Nc3 Bc6 13. Ne4 f5 14. Nc3 Bxg2 15. Kxg2 Qd7 16. Be3 Qc6+ 17. f3 Nf7 18. Kh2 Rad8 19. Qe2 Be5 20. f4 Bf6 21. Qg2 Qxg2+ 22. Kxg2 c4 23. dxc4 Nd6 24. Rad1 Nxc4 25. Bc1 Bxc3 26. bxc3 b5 27. Rd3 Rd6 28. Re1 Kf7 29. Be3 Re6 30. Kf2 a6 31. Rd7 Nd6 32. Bd4 Ne4+ 33. Kg2 Rc8 34. a4 b4 35. cxb4 Rxc2+ 36. Kg1 Nxg3 37. Be5 g5 38. fxg5 Ne2+ 39. Rxe2 Rxe2 40. Bd4 Rc2 41. Rd5 Re1# 0-1

[Event "Montreal Maplewood Cup"]
[Site "Montreal"]
[Date "2024.06.01"]
[Round "4"]
[White "Lin, Leo"]
[Black "Chiku Ratte, Olivier Kenta"]
[Result "1-0"]
[WhiteElo "2129"]
[BlackElo "2307"]
[PlyCount "127"]
[EventDate "2024.05.31"]
[EventType "swiss"]
[EventRounds "6"]
[EventCountry "CAN"]
[SourceTitle "CBM 220 Extra"]
[Source "ChessBase"]
[SourceDate "2024.07.31"]
[SourceVersion "1"]
[SourceVersionDate "2024.07.31"]
[SourceQuality "1"]

1. e4 c5 2. c3 Nf6 3. e5 Nd5 4. Nf3 d6 5. d4 cxd4 6. cxd4 e6 7. Bd3 Be7 8. 0-0 Nd7 9. a3 0-0 10. Qe2 dxe5 11. dxe5 Nc5 12. Bc4 Nb6 13. Rd1 Bd7 14. Ba2 Bb5 15. Qc2 Qc8 16. Nc3 Ba4 17. Nxa4 Ncxa4 18. Qe4 Qc6 19. Qg4 Qc2 20. Bg5 Bxg5 21. Nxg5 Nxb2 22. Rac1 Qa4 23. Rd4 Qxa3 24. Nxe6 g6 25. Nxf8 Rxf8 26. e6 Nd3 27. Rd1 Nxf2 28. exf7+ Kg7 29. Qe2 Rxf7 30. Bxf7 Nxd1 31. Rxd1 Qc5+ 32. Kh1 Kxf7 33. Rf1+ Kg7 34. Qf3 Nd5 35. Qf7+ Kh6 36. h3 Ne3 37. Qf4+ Kg7 38. Qf6+ Kh6 39. Qf4+ Kg7 40. Re1 Nf5 41. Rc1 Ng3+ 42. Kh2 Ne2 43. Qc7+ Qxc7+ 44. Rxc7+ Kh6 45. Rxb7 a5 46. Ra7 Nd4 47. Rxa5 Ne2 48. Ra7 g5 49. g4 Kg6 50. Ra6+ Kg7 51. Kg2 Nf4+ 52. Kg3 Ne2+ 53. Kf3 Ng1+ 54. Kg2 Ne2 55. Ra2 Nf4+ 56. Kg3 h5 57. Ra7+ Kh6 58. Ra6+ Ng6 59. Kf3 h4 60. Ke4 Kg7 61. Rxg6+ Kxg6 62. Ke5 Kg7 63. Kf5 Kh6 64. Kf6 1-0

[Event "Montreal Maplewood Cup"]
[Site "Montreal"]
[Date "2024.05.31"]
[Round "1"]
[White "Chiku Ratte, Olivier Kenta"]
[Black "Mok, Yuen Tak"]
[Result "1-0"]
[WhiteElo "2307"]
[BlackElo "1911"]
[PlyCount "51"]
[EventDate "2024.05.31"]
[EventType "swiss"]
[EventRounds "6"]
[EventCountry "CAN"]
[SourceTitle "CBM 220 Extra"]
[Source "ChessBase"]
[SourceDate "2024.07.31"]
[SourceVersion "1"]
[SourceVersionDate "2024.07.31"]
[SourceQuality "1"]

1. d4 d5 2. c4 c6 3. Nf3 Nf6 4. Nc3 e6 5. e3 Nbd7 6. Qc2 Bd6 7. b3 0-0 8. Be2 b6 9. 0-0 Bb7 10. Bb2 Qe7 11. Rfe1 Rfe8 12. Bd3 e5 13. e4 exd4 14. exd5 Qf8 15. dxc6 Bxc6 16. Nd5 Nxd5 17. cxd5 Bxd5 18. Bxh7+ Kh8 19. Bf5 Nc5 20. Nxd4 Rxe1+ 21. Rxe1 Re8 22. Rxe8 Qxe8 23. Qc3 Be5 24. Qe3 Qb8 25. Nc6 Bxc6 26. Bxe5 1-0

[Event "Titled Tuesday intern op 19th Mar Early"]
[Site "Chess.com INT"]
[Date "2024.03.19"]
[Round "7"]
[White "Chiku Ratte, Olivier Kenta"]
[Black "Dhananjay, S."]
[Result "0-1"]
[WhiteElo "2335"]
[BlackElo "2206"]
[PlyCount "80"]
[EventDate "2024.03.19"]
[EventType "swiss (blitz)"]
[EventRounds "11"]
[EventCountry "USA"]
[SourceTitle "EXT 2025"]
[Source "ChessBase"]
[SourceDate "2024.10.14"]
[SourceVersion "1"]
[SourceVersionDate "2024.10.14"]
[SourceQuality "1"]

1. d4 Nf6 2. Nf3 e6 3. c4 Bb4+ 4. Nbd2 b6 5. g3 Ba6 6. a3 Bxd2+ 7. Nxd2 Bb7 8. Nf3 d5 9. Bg2 dxc4 10. Qa4+ Nbd7 11. Qxc4 0-0 12. 0-0 Qc8 13. b4 Bd5 14. Qc2 Qb7 15. Bf4 Rfc8 16. Rac1 a5 17. b5 c5 18. bxc6 Rxc6 19. Qb2 Rac8 20. Rfd1 Rxc1 21. Rxc1 Rxc1+ 22. Qxc1 Qc6 23. Qxc6 Bxc6 24. Bc7 Nd5 25. Bd8 Kf8 26. Nd2 Ke8 27. Bh4 b5 28. g4 N7b6 29. Bg3 Kd7 30. g5 b4 31. axb4 Nxb4 32. Ne4 Bxe4 33. Bxe4 a4 34. Be5 N6d5 35. Bxg7 a3 36. Bxd5 exd5 37. Bf8 a2 38. Bxb4 a1Q+ 39. Kg2 Qxd4 40. Be1 Qg4+ 0-1

[Event "Titled Tuesday intern op 05th Mar Late"]
[Site "Chess.com INT"]
[Date "2024.03.05"]
[Round "3"]
[White "Chiku Ratte, Olivier Kenta"]
[Black "Stankovic, Boris"]
[Result "1-0"]
[WhiteElo "2335"]
[BlackElo "2311"]
[PlyCount "65"]
[EventDate "2024.03.05"]
[EventType "swiss (blitz)"]
[EventRounds "11"]
[EventCountry "USA"]
[SourceTitle "EXT 2025"]
[Source "ChessBase"]
[SourceDate "2024.10.14"]
[SourceVersion "1"]
[SourceVersionDate "2024.10.14"]
[SourceQuality "1"]

1. d4 Nf6 2. c4 g6 3. Nc3 Bg7 4. e4 d6 5. h3 0-0 6. Nf3 e5 7. d5 a5 8. g4 Na6 9. Be3 Nd7 10. Qd2 Ndc5 11. Be2 c6 12. dxc6 bxc6 13. Rd1 Be6 14. Qxd6 Qb6 15. Qd2 Rfd8 16. Qc2 Rxd1+ 17. Nxd1 Rd8 18. 0-0 Qb8 19. b3 Nb4 20. Qb1 Ncd3 21. a3 f5 22. axb4 fxe4 23. Ng5 Bc8 24. Nxe4 Nxb4 25. Ndc3 h5 26. Ng5 Rd6 27. Nce4 Rd8 28. Nf6+ Bxf6 29. Qxg6+ Bg7 30. Qf7+ Kh8 31. Qxh5+ Kg8 32. Qh7+ Kf8 33. Bc5+ 1-0